<?xml version="1.0" encoding="UTF-8"?>
<record
    xmlns:xsi="http://www.w3.org/2001/XMLSchema-instance"
    xsi:schemaLocation="http://www.loc.gov/MARC21/slim http://www.loc.gov/standards/marcxml/schema/MARC21slim.xsd"
    xmlns="http://www.loc.gov/MARC21/slim">

  <leader>01164nam a22001217a 4500</leader>
  <controlfield tag="008">120629t        xxu||||| |||| 00| 0 eng d</controlfield>
  <datafield tag="050" ind1=" " ind2=" ">
    <subfield code="a">PZ1.M698</subfield>
  </datafield>
  <datafield tag="245" ind1=" " ind2=" ">
    <subfield code="a">Modern short stories: The uses of imagination. /</subfield>
    <subfield code="c">edited by Arthur Mizenzer</subfield>
  </datafield>
  <datafield tag="260" ind1=" " ind2=" ">
    <subfield code="a">New York:</subfield>
    <subfield code="b">W.W Norton and company inc,</subfield>
    <subfield code="c">1967.</subfield>
  </datafield>
  <datafield tag="300" ind1=" " ind2=" ">
    <subfield code="a">xii,744 p.:</subfield>
    <subfield code="c">24cm.</subfield>
  </datafield>
  <datafield tag="505" ind1=" " ind2=" ">
    <subfield code="a">Contents: Heart of darkness -- Babylon revisited -- Artists in uniform -- A Story -- My Oedipus complex -- The Grave -- A Sense of shelter -- The Day Stalin died -- The Artificial nigger -- The Tone of time -- The Jolly corner -- The Lesson of the master -- Roman fever -- The Gambler, the nun, and the radio -- A Couple of hamburgers -- Defender of the faith -- A Losing game -- Beggar my neighbor -- The Waiting -- Odor of chrysanthemums -- The Shadow in the rose garden -- The White stocking -- Pnin -- The Egg -- Araby -- Her first ball -- Take pity -- The Gardener -- The Fire and the hearth -- Delta autumn -- Raid -- When the light gets green -- Old red -- A Worn path -- Mister Mcgregor -- What you hear from Em -- Uncle Grant -- Biographical sketches of the authors -- Questions on the stories </subfield>
  </datafield>
  <datafield tag="942" ind1=" " ind2=" ">
    <subfield code="2">lcc</subfield>
    <subfield code="c">BK</subfield>
  </datafield>
  <datafield tag="999" ind1=" " ind2=" ">
    <subfield code="c">1606</subfield>
    <subfield code="d">9106</subfield>
  </datafield>
  <datafield tag="952" ind1=" " ind2=" ">
    <subfield code="0">0</subfield>
    <subfield code="1">0</subfield>
    <subfield code="2">lcc</subfield>
    <subfield code="4">0</subfield>
    <subfield code="7">0</subfield>
    <subfield code="a">WIUC-1</subfield>
    <subfield code="b">WIUC-1</subfield>
    <subfield code="c">GEN</subfield>
    <subfield code="d">2012-06-29</subfield>
    <subfield code="l">0</subfield>
    <subfield code="o">PZ1.M698</subfield>
    <subfield code="p">4408/12</subfield>
    <subfield code="r">2012-06-29 00:00:00</subfield>
    <subfield code="t">1</subfield>
    <subfield code="w">2012-06-29</subfield>
    <subfield code="y">BK</subfield>
  </datafield>
</record>
